000 00796nam a22002657a 4500
001 7783
003 FISKH
005 20250806093044.0
008 250806b cb ||||| |||| 00| 0 eng d
020 _a9780805061178
040 _aFISKH
_beng
_cFISKH
_dFISKH
050 _aPZ7.L5415 R
082 _a813.54
100 _aLent, Blair
245 _aRuby and Fred /
_cby Blair Lent
260 _aNew York ;
_bHenry Holt and Company,
_c2000.
300 _a32 unnumbered pages :
_bcolor illustrations ;
_c24 cm
505 _aH
520 _aRuby the talkative parrot and Fred the poodle join forces to keep Chita the cat at bay.
521 8 _a400
_bLexile estimate
521 8 _aH
_bRaz-Plus
650 _aAnimals
_vDogs
_xChildren
_yCats
942 _2ddc
_cBK
_n0
999 _c7783
_d7783